[Event "Napoli Vomero Septembre 7th"]
[Site "Napoli"]
[Date "2010.09.10"]
[Round "1"]
[White "Iannotta, Francesco"]
[Black "Cosenza, Gianni"]
[Result "0-1"]
[WhiteElo "1687"]
[BlackElo "1925"]
[PlyCount "68"]
[EventDate "2010.09.10"]
[EventType "swiss"]
[EventRounds "7"]
[EventCountry "ITA"]
[SourceTitle "EXT 2024"]
[Source "ChessBase"]
[SourceDate "2023.10.10"]
[SourceVersion "1"]
[SourceVersionDate "2023.10.10"]
[SourceQuality "1"]

1. e4 e6 2. d4 d5 3. exd5 exd5 4. Nf3 Bd6 5. Nc3 c6 6. Be2 Ne7 7. 0-0 Bf5 8. Bg5 f6 9. Bh4 Nd7 10. Bg3 Nf8 11. Nh4 Be6 12. Bh5+ g6 13. Be2 Qd7 14. Na4 b6 15. Rc1 0-0-0 16. c3 f5 17. Bxd6 Qxd6 18. Qb3 Nd7 19. Ba6+ Kc7 20. Nf3 g5 21. Rfe1 Rhg8 22. Ne5 Nb8 23. Nc5 Nxa6 24. Nxa6+ Kc8 25. c4 dxc4 26. Rxc4 Bxc4 27. Qxc4 Qd5 28. Qb4 Rge8 29. Qa4 Qa5 30. Qxa5 bxa5 31. Rc1 Rxd4 32. Nc5 Rd5 33. Nf7 Ng6 34. Nxg5 Rxc5 0-1

[Event "Napoli Vomero Spring 7th"]
[Site "Napoli"]
[Date "2010.03.18"]
[Round "1"]
[White "Iannotta, Francesco"]
[Black "Fezza, Davide"]
[Result "0-1"]
[WhiteElo "1694"]
[BlackElo "2064"]
[PlyCount "92"]
[EventDate "2010.03.18"]
[EventType "swiss"]
[EventRounds "6"]
[EventCountry "ITA"]
[SourceTitle "EXT 2024"]
[Source "ChessBase"]
[SourceDate "2023.10.10"]
[SourceVersion "1"]
[SourceVersionDate "2023.10.10"]
[SourceQuality "1"]

1. Nf3 Nf6 2. g3 g6 3. Bg2 Bg7 4. 0-0 0-0 5. d3 d6 6. Nbd2 e5 7. e4 h6 8. h3 Nc6 9. Nc4 Be6 10. b3 Ne8 11. Nh4 Kh7 12. Be3 Qd7 13. Kh2 d5 14. Nb2 f5 15. Na4 b6 16. c4 d4 17. Bd2 f4 18. c5 fxg3+ 19. fxg3 Rxf1 20. Bxf1 b5 21. Nb2 a5 22. a4 b4 23. Qe2 Bxb3 24. Nd1 Nf6 25. Nf2 Qf7 26. g4 Rf8 27. g5 Nh5 28. Ng4 Nf4 29. Qe1 h5 30. Nh6 Bxh6 31. gxh6 Ne6 32. Bg2 Qf2 33. Qb1 Bxa4 34. Qa2 Qxh4 35. Qxe6 Bb5 36. Rg1 Qe7 37. Qb3 a4 38. Qd1 b3 39. Bf3 Bxd3 40. Bxh5 Bxe4 41. Qg4 Rf2+ 42. Kg3 Rxd2 43. Qxe4 Qg5+ 44. Kf3 Qxh5+ 45. Rg4 Qxh3+ 46. Rg3 Qh1+ 0-1

[Event "Napoli Vomero op 3rd"]
[Site "Napoli"]
[Date "2009.06.04"]
[Round "4"]
[White "Piscopia, Carmela"]
[Black "Iannotta, Francesco"]
[Result "1-0"]
[WhiteElo "1520"]
[BlackElo "1653"]
[PlyCount "85"]
[EventDate "2009.05.07"]
[EventType "swiss"]
[EventRounds "6"]
[EventCountry "ITA"]
[SourceTitle "EXT 2011"]
[Source "ChessBase"]
[SourceDate "2010.11.26"]
[SourceVersion "1"]
[SourceVersionDate "2010.11.26"]
[SourceQuality "1"]

1. Nf3 Nf6 2. d4 g6 3. c4 Bg7 4. Nc3 0-0 5. e4 d6 6. Be2 Nbd7 7. 0-0 e5 8. Bg5 c6 9. Qd2 Bh8 10. h4 Qc7 11. Nh2 exd4 12. Nd1 Nxe4 13. Qf4 Ndc5 14. Ng4 Bxg4 15. Bxg4 Be5 16. Qf3 f5 17. Bh3 Ne6 18. Bh6 Rf7 19. b4 Qe7 20. g3 d3 21. Rb1 d2 22. Qd3 Nd4 23. Bg2 Nf6 24. Qxd2 Nh5 25. Bg5 Qc7 26. Ne3 f4 27. Ng4 Kh8 28. Nxe5 dxe5 29. Be4 Qd7 30. Qb2 f3 31. Kh2 Nf6 32. Bxf6+ Rxf6 33. Rbd1 Qg4 34. Rfe1 Re8 35. b5 Ne2 36. Bd3 Nf4 37. Bf1 g5 38. Rxe5 Rxe5 39. Qxe5 Nh5 40. Rd8+ Kg7 41. Qe7+ Kh6 42. Bd3 Nf4 43. Qxh7# 1-0

[Event "Napoli Vomero Settembre op 5th"]
[Site "Napoli"]
[Date "2008.10.30"]
[Round "5"]
[White "Romano, Felice"]
[Black "Iannotta, Francesco"]
[Result "0-1"]
[WhiteElo "1461"]
[BlackElo "1515"]
[PlyCount "72"]
[EventDate "2008.10.02"]
[EventType "swiss"]
[EventRounds "5"]
[EventCountry "ITA"]
[SourceTitle "EXT 2011"]
[Source "ChessBase"]
[SourceDate "2010.11.26"]
[SourceVersion "1"]
[SourceVersionDate "2010.11.26"]
[SourceQuality "1"]

1. e4 e5 2. Nf3 Nc6 3. Bb5 a6 4. Bc4 Bc5 5. c3 Nf6 6. 0-0 Nxe4 7. d4 exd4 8. cxd4 Bb4 9. a3 Ba5 10. b4 Bb6 11. Re1 d5 12. Ng5 0-0 13. Nxe4 dxe4 14. d5 Bxf2+ 15. Kxf2 Qf6+ 16. Kg1 Qxa1 17. Nd2 Qd4+ 18. Kh1 e3 19. dxc6 exd2 20. Bxf7+ Kh8 21. Bxd2 Bg4 22. Qc2 Rxf7 23. Bc3 Qf2 24. Qxf2 Rxf2 25. h3 Bh5 26. cxb7 Rb8 27. Re7 Rf7 28. Re6 Kg8 29. Rxa6 Rxb7 30. a4 Rf2 31. Bd4 Bd1 32. Bxf2 Rxb4 33. a5 Rb1 34. Kh2 Rb2 35. Bg1 Bf3 36. Re6 Rxg2+ 0-1

[Event "Napoli Vomero Settembre op 5th"]
[Site "Napoli"]
[Date "2008.10.09"]
[Round "2"]
[White "Tortorella, Edoardo"]
[Black "Iannotta, Francesco"]
[Result "0-1"]
[WhiteElo "1529"]
[BlackElo "1515"]
[PlyCount "60"]
[EventDate "2008.10.02"]
[EventType "swiss"]
[EventRounds "5"]
[EventCountry "ITA"]
[SourceTitle "EXT 2011"]
[Source "ChessBase"]
[SourceDate "2010.11.26"]
[SourceVersion "1"]
[SourceVersionDate "2010.11.26"]
[SourceQuality "1"]

1. d3 e5 2. Nc3 d5 3. Bd2 Nf6 4. e3 Nc6 5. Be2 Bc5 6. a3 d4 7. Na4 Be7 8. Nf3 b5 9. exd4 exd4 10. Nxd4 Nxd4 11. Nc3 0-0 12. 0-0 Bb7 13. Be3 Nxe2+ 14. Qxe2 a6 15. Rae1 Re8 16. Qd2 Bd6 17. Bg5 Be7 18. Re3 Qd6 19. Rfe1 Ng4 20. Rh3 Bxg5 21. Rxe8+ Rxe8 22. Qd1 Nf6 23. Rg3 Bf4 24. Rh3 Qc6 25. Rf3 Ng4 26. Ne4 Bxh2+ 27. Kh1 Qb6 28. Rf5 Qh6 29. Qxg4 Bd6+ 30. Qh3 Qc1# 0-1

[Event "Napoli Vomero Settembre op 5th"]
[Site "Napoli"]
[Date "2008.10.02"]
[Round "1"]
[White "Iannotta, Francesco"]
[Black "Caiazzo, Diego"]
[Result "0-1"]
[WhiteElo "1515"]
[BlackElo "1902"]
[PlyCount "108"]
[EventDate "2008.10.02"]
[EventType "swiss"]
[EventRounds "5"]
[EventCountry "ITA"]
[SourceTitle "EXT 2011"]
[Source "ChessBase"]
[SourceDate "2010.11.26"]
[SourceVersion "1"]
[SourceVersionDate "2010.11.26"]
[SourceQuality "1"]

1. e4 e6 2. d4 d5 3. Nc3 dxe4 4. Nxe4 Nd7 5. Nf3 Ngf6 6. Nxf6+ Nxf6 7. Bc4 Be7 8. c3 0-0 9. 0-0 c5 10. a3 Qc7 11. Qb3 b6 12. Re1 Re8 13. Ne5 Bb7 14. Bg5 Nd5 15. f4 f6 16. Bb5 fxe5 17. Bxe8 Bxg5 18. fxg5 Rxe8 19. Rxe5 Qc6 20. c4 Nc7 21. Qh3 cxd4 22. g6 hxg6 23. b3 Qd6 24. Ree1 e5 25. Qg3 Qc6 26. Rad1 Qd6 27. Ra1 d3 28. Re3 Qd4 29. Rd1 Be4 30. Qe1 Bf5 31. Rd2 Rd8 32. h3 g5 33. Qg3 Qf4 34. Qe1 e4 35. Rf2 Qe5 36. Qd2 Ne6 37. h4 gxh4 38. Re1 Bg6 39. Qe3 Qc5 40. Qc1 Nd4 41. Kf1 Nxb3 42. Qf4 Qxc4 43. Kg1 Qd5 44. Rb2 Nc5 45. Qxh4 Qd4+ 46. Rf2 e3 47. Rf4 Qd6 48. Rd1 e2 49. Rd2 Nb3 50. Rxe2 dxe2 51. Rf3 Qd1+ 52. Kh2 e1Q 53. Qc4+ Qd5 54. Qc7 Qd6+ 0-1